000 00989nam a2200289 i 4500
003 EG-GICUC
005 20260128130824.0
008 260128s1912 fr ||||fr ||| 00| 0 fre d
040 _aEG-GICUC
_cEG-GICUC
_dEG-GICUC
_erda
_bfre
041 0 _afre
082 0 4 _221
_a341.8
_bWE . T
092 0 4 _221
099 _aLaw1 12 341.8 WE . T 1912
100 1 _aWeiss,André
_eAuteur
245 1 2 _aTraité Théorique Et Pratique De Droit International Privé /
_nTome Troisième :
_pLe Conflit Des Lois .
_cAndré Weiss .
250 _aDeuxième Édition
264 0 _aParis :
_bLibrairie De La Société Du Recueil Général Des Lois Et Arrêts ,
_c1912 .
300 _a761 Pages ;
_c30 cm.
336 _atext
_2rda content
337 _aComputer
_2rda media
338 _aOnline Resource
_2rda carrier
546 _aTexte en français
650 0 4 _aDroit international privé
856 _uhttps://fll.law.cu.edu.eg/fulltext/th/B12-02430.pdf
905 _a59
942 _2ddc
_cBK
_e21
_n0
999 _c59927
_d59927